000 00471nam a2200181Ia 4500
005 20250603145032.0
008 250603s9999 xx 000 0 und d
020 _a9781484388570
050 _aHD 9502.A2 .P37/
100 _aParry, Ian.
245 0 _aGetting energy prices right from principle to practice
260 _aWashington, D.C.
260 _bInternational monetary fund
260 _c2014
300 _a183 p
650 _aWashington, D.C.
942 _cBK
999 _c40679
_d40679